[Event "84th ESP-ch 2019"]
[Site "Marbella"]
[Date "2019.11.23"]
[Round "8.5"]
[White "Narciso Dublan, Marc"]
[Black "Del Rio De Angelis, Salvador G."]
[Result "1/2-1/2"]
[WhiteElo "2517"]
[BlackElo "2502"]
[Annotator "ChessBase"]
[PlyCount "65"]
[EventDate "2019.11.16"]
[EventType "swiss"]
[EventCountry "ESP"]
[SourceTitle "playchess.com"]
[Source "ChessBase"]
[SourceQuality "1"]
[TimeControl "5400+30"]

1. d4 {[%emt 0:00:00]} e6 {[%emt 0:00:00]} 2. e4 {[%emt 0:00:00]} d5 {[%emt 0:00:00]} 3. e5 {[%emt 0:00:01]} c5 {[%emt 0:00:14]} 4. c3 {[%emt 0:00:22]} Nc6 {[%emt 0:01:44]} 5. Nf3 {[%emt 0:00:15]} Bd7 {[%emt 0:00:13]} 6. Be2 {[%emt 0:00:20]} Nge7 {[%emt 0:01:13]} 7. O-O {[%emt 0:00:23]} Ng6 {[%emt 0:01:23]} 8. Be3 {[%emt 0:00:25]} Be7 {[%emt 0:02:07]} 9. Nbd2 {[%emt 0:00:28]} O-O {[%emt 0:03:20]} 10. Re1 {[%emt 0:00:20]} Rc8 {[%emt 0:02:23]} 11. a3 {[%emt 0:03:26]} Qb6 {[%emt 0:04:21]} 12. b4 {[%emt 0:07:30]} cxd4 {[%emt 0:00:08]} 13. cxd4 {[%emt 0:00:14]} Nb8 {[%emt 0:01:07]} 14. Bd3 {[%emt 0:14:10]} Rc3 {[%emt 0:05:30]} 15. Nb1 {[%emt 0:01:28]} Rc7 {[%emt 0:02:42]} 16. h4 {[%emt 0:01:03]} Rfc8 {[%emt 0:14:50]} 17. h5 {[%emt 0:01:39]} Nf8 {[%emt 0:00:05]} 18. Nbd2 {[%emt 0:19:33]} Rc3 {[%emt 0:04:48]} 19. Nf1 {[%emt 0:00:55]} Bb5 {[%emt 0:09:59]} 20. Bxb5 {[%emt 0:00:46]} Qxb5 {[%emt 0:01:36]} 21. h6 {[%emt 0:05:58]} g6 {[%emt 0:01:38]} 22. N1h2 {[%emt 0:00:30]} Qd3 {[%emt 0:02:15]} 23. Qxd3 {[%emt 0:05:44]} Rxd3 {[%emt 0:00:08]} 24. Ng4 {[%emt 0:00:11]} Nfd7 {[%emt 0:00:28]} 25. Kf1 {[%emt 0:19:34]} Rdc3 {[%emt 0:01:51]} 26. Bd2 {[%emt 0:00:42]} Rc2 {[%emt 0:00:50]} 27. b5 {[%emt 0:04:20]} Nb6 {[%emt 0:05:02]} 28. Bb4 {[%emt 0:02:06]} Bd8 {[%emt 0:01:06]} 29. Ne3 R2c7 {[%emt 0:00:15]} 30. Bd6 {[%emt 0:01:27]} Rc3 {[%emt 0:00:25]} 31. Bb4 {[%emt 0:06:23]} R3c7 {[%emt 0:00:06]} 32. Bd6 {[%emt 0:00:26]} Rc3 {[%emt 0:00:06]} 33. Bb4 {[%emt 0:02:33]} 1/2-1/2

[Event "84th ESP-ch 2019"]
[Site "Marbella"]
[Date "2019.11.23"]
[Round "8.6"]
[White "Vallejo Pons, Francisco"]
[Black "Gines Esteo, Pedro Antonio"]
[Result "1-0"]
[WhiteElo "2694"]
[BlackElo "2463"]
[Annotator "TA"]
[PlyCount "67"]
[EventDate "2019.11.16"]
[EventType "swiss"]
[EventCountry "ESP"]
[SourceTitle "playchess.com"]
[Source "ChessBase"]
[SourceQuality "1"]

{[%evp 13,67,33,37,47,83,0,0,0,0,0,0,0,20,0,23,33,11,16,115,120,112,93,206,203,200,191,200,157,186,175,163,160,172,160,188,189,256,262,244,251,578,362,483,453,827,800,963,951,934,784,850,832,1164,690,1110,1063]} 1. e4 c6 2. d4 d5 3. e5 Bf5 4. Nf3 e6 5. Be2 c5 6. Be3 Qb6 7. Nc3 Nc6 8. O-O {Threatens to win with dxc5. B12: Caro-Kann: Advance Variation} Qxb2 9. g4 $146 ({Better is} 9. Nb5 $16 {Nc7+ is the strong threat.} Rc8 10. dxc5) ({Predecessor:} 9. Qe1 cxd4 10. Bxd4 Nxd4 11. Nxd4 Bb4 12. Ndb5 Ba5 13. Rb1 Qxc2 14. Rb3 Ne7 15. Nd6+ Kf8 16. Nxb7 {0-1 (52) Jakovenko,D (2704)-Inarkiev,E (2682) Izhevsk 2019}) 9... Bg6 10. Nb5 {Hoping for Nc7+.The position is equal.} c4 $1 11. Rb1 Qxa2 12. Nc7+ {[%cal Bb5c7,Bc7a8,Ba8b6][%mdl 32]} Kd8 13. Ra1 (13. Rxb7 Bxc2 14. Qc1 Ba3 $19) 13... Qxc2 14. Qxc2 Bxc2 15. Nxa8 Bb4 (15... Bg6 $11) 16. Ng5 $1 $16 {[%cal Rg5f7]} Nh6 {[#] Threatening ...Kd7.} 17. Nb6 $1 {And now Nxc4 would win.} Bc3 (17... Bb3 $16) 18. Rac1 $18 {[%cal Ba1c1,Bc1c2,Bc2d2][%mdl 32]} axb6 19. Rxc2 Bxd4 20. Rd2 Bc3 21. Bxb6+ Ke7 22. Ra2 Bxe5 23. Rb1 Kd6 24. Rd1 Ke7 {[#]} (24... Rc8 $142 25. Bxc4 (25. Nxh7 f6 $16) 25... Nb4) 25. Bc5+ $1 Kf6 26. h4 Kg6 $2 (26... g6 {is a better chance.} 27. Rb1 Rb8 28. Nxh7+ Kg7) 27. Nh3 f6 28. f4 {White is clearly winning.} Bc3 {[#]} (28... b6 $142 29. Ra6 bxc5) 29. f5+ $1 {[%mdl 512]} exf5 30. Nf4+ Kf7 31. Nxd5 Be5 32. Bxc4 {Threatening mate with Ne7+.} Rd8 33. gxf5 {White threatens Nc7+ and mate.} Nxf5 34. Ne7+ {[%mdl 64] Discovered Attack. Accuracy: White = 79%, Black = 32%.} 1-0

[Event "84th ESP-ch 2019"]
[Site "Marbella"]
[Date "2019.11.23"]
[Round "8.7"]
[White "Perez Candelario, Manuel"]
[Black "Tejedor Fuente, Enrique"]
[Result "1-0"]
[WhiteElo "2623"]
[BlackElo "2457"]
[Annotator "ChessBase"]
[PlyCount "97"]
[EventDate "2019.11.16"]
[EventType "swiss"]
[EventCountry "ESP"]
[SourceTitle "playchess.com"]
[Source "ChessBase"]
[SourceQuality "1"]
[TimeControl "5400+30"]

1. e4 {[%emt 0:00:00]} e6 {[%emt 0:02:25]} 2. d4 {[%emt 0:00:00]} d5 {[%emt 0:00:25]} 3. Nc3 {[%emt 0:00:00]} Nf6 {[%emt 0:00:23]} 4. Bg5 {[%emt 0:00:00]} dxe4 {[%emt 0:00:05]} 5. Nxe4 {[%emt 0:00:00]} Be7 {[%emt 0:00:01]} 6. Bxf6 {[%emt 0:00:10]} gxf6 {[%emt 0:00:02]} 7. Qd2 {[%emt 0:00:17]} Nd7 {[%emt 0:05:52]} 8. O-O-O {[%emt 0:01:58]} Nb6 {[%emt 0:08:03]} 9. Nc3 {[%emt 0:19:55]} Bd7 {[%emt 0:02:29]} 10. d5 {[%emt 0:01:05]} exd5 {[%emt 0:01:57]} 11. Nxd5 {[%emt 0:00:26]} Be6 {[%emt 0:00:56]} 12. Nxe7 {[%emt 0:02:32]} Qxd2+ {[%emt 0:00:13]} 13. Rxd2 {[%emt 0:00:05]} Kxe7 {[%emt 0:00:01]} 14. Nf3 {[%emt 0:01:27]} c5 {[%emt 0:28:35]} 15. Be2 {[%emt 0:11:39]} Rhd8 {[%emt 0:01:55]} 16. Re1 {[%emt 0:00:23]} h6 17. Bd3 {[%emt 0:02:50]} Kf8 {[%emt 0:10:36]} 18. Be4 {[%emt 0:00:35]} Nc4 {[%emt 0:00:45]} 19. Bxb7 {[%emt 0:05:02]} Rxd2 {[%emt 0:01:31]} 20. Nxd2 Rb8 21. Nxc4 {[%emt 0:00:53]} Bxc4 {[%emt 0:00:07]} 22. Bc6 {[%emt 0:06:53]} Bxa2 {[%emt 0:00:38]} 23. b3 {[%emt 0:02:36]} c4 {[%emt 0:00:01]} 24. Kb2 {[%emt 0:02:18]} cxb3 {[%emt 0:00:00]} 25. Ba4 {[%emt 0:01:31]} a5 {[%emt 0:01:14]} 26. Ka3 {[%emt 0:01:21]} Rd8 {[%emt 0:04:11]} 27. cxb3 {[%emt 0:00:14]} Rd2 {[%emt 0:00:02]} 28. Ra1 {[%emt 0:00:47]} Bxb3 {[%emt 0:00:01]} 29. Kxb3 {[%emt 0:00:17]} Rxf2 {[%emt 0:00:02]} 30. Bc6 {[%emt 0:00:15]} Rf5 {[%emt 0:00:11]} 31. Kc4 {[%emt 0:00:57]} Rh5 {[%emt 0:00:22]} 32. h3 {[%emt 0:00:12]} Kg7 {[%emt 0:02:46]} 33. Bd5 {[%emt 0:02:50]} Rh4+ {[%emt 0:00:58]} 34. Kb5 {[%emt 0:00:09]} Rb4+ {[%emt 0:00:10]} 35. Kc5 {[%emt 0:00:09]} Rb8 {[%emt 0:00:24]} 36. Rxa5 {[%emt 0:00:08]} Rc8+ {[%emt 0:00:15]} 37. Kd6 {[%emt 0:00:45]} Rd8+ {[%emt 0:00:50]} 38. Kc6 {[%emt 0:00:06]} Kg6 {[%emt 0:00:14]} 39. Ra7 {[%emt 0:00:21]} Rf8 {[%emt 0:00:03]} 40. Kd7 {[%emt 0:00:14]} f5 {[%emt 0:00:10]} 41. Ke7 {[%emt 0:00:43]} Rb8 {[%emt 0:00:00]} 42. Bxf7+ {[%emt 0:00:28]} Kg5 {[%emt 0:00:02]} 43. Bd5 {[%emt 0:00:20]} Rb6 44. Kf7 {[%emt 0:01:13]} h5 {[%emt 0:00:42]} 45. Ra8 Kh4 {[%emt 0:01:07]} 46. Bf3 {[%emt 0:02:36]} Rb3 {[%emt 0:01:13]} 47. Rh8 Rxf3 {[%emt 0:00:29]} 48. gxf3 {[%emt 0:02:29]} f4 {[%emt 0:00:06]} 49. Rg8 {[%emt 0:00:06]} 1-0

[Event "84th ESP-ch 2019"]
[Site "Marbella"]
[Date "2019.11.23"]
[Round "8.8"]
[White "Santos Ruiz, Miguel"]
[Black "Calzetta Ruiz, Monica"]
[Result "1-0"]
[WhiteElo "2583"]
[BlackElo "2251"]
[Annotator "TA"]
[PlyCount "81"]
[EventDate "2019.11.16"]
[EventType "swiss"]
[EventCountry "ESP"]
[SourceTitle "playchess.com"]
[Source "ChessBase"]
[SourceQuality "1"]

{[%evp 12,81,38,41,59,53,42,45,87,73,73,89,88,76,100,56,52,46,48,43,51,44,114,80,77,82,122,116,234,225,257,193,191,177,182,168,218,220,229,220,259,242,239,129,298,256,282,265,669,662,652,614,649,602,790,789,793,791,1064,1051,1003,998,807,267,957,1002,974,967,960,939,874,869]} 1. d4 Nf6 2. c4 c5 3. d5 b5 4. cxb5 a6 5. Nc3 axb5 6. Nxb5 Qa5+ 7. Nc3 g6 {A57: Benko/Volga Gambit} (7... Ba6 8. Bd2 d6 9. Nf3 Nbd7 10. g3 g6 11. Bg2 Bg7 12. O-O O-O 13. Re1 Rfb8 14. Qc2 Qb4 15. Rab1 Qb7 16. e4 Ng4 17. Red1 Nge5 18. Ne1 Nc4 19. Bc1 Qc7 20. b3 Qa5 21. Na4 {½-½ (72) Ponomariov,R (2739)-Bareev,E (2634) Moscow 2009}) 8. Bd2 Bg7 9. e4 {aiming for e5.} d6 {White is slightly better.} 10. Bb5+ Bd7 11. Bc4 $146 ({Predecessor:} 11. a4 O-O 12. Nge2 Na6 13. O-O Nb4 14. Ra3 Bxb5 15. axb5 {0-1 (28) Vasquez Ramirez,F (2255)-Celis Sanchez,C (2283) Ibarra 2003}) 11... O-O 12. Nf3 Bg4 13. h3 (13. O-O {with more complications.} Nbd7 14. Be2 Rfb8 15. Rb1 e6 16. dxe6 Bxe6 17. b3) 13... Bxf3 14. Qxf3 Nbd7 $1 15. Be2 Rfb8 16. Rb1 Ra7 (16... Ne8 $14) 17. O-O Rab7 18. b3 Ne5 19. Qe3 c4 (19... Ne8 $16 20. Na4 Qa7) 20. f4 $18 ({Don't take} 20. bxc4 $6 Rxb1 21. Nxb1 Qc7 $16) 20... Nd3 21. Bxd3 cxd3 22. Qxd3 Nd7 23. Na4 Qa7+ 24. Be3 Qa5 25. Rbc1 h5 26. Rc6 Rb4 27. Kh2 (27. Rfc1 $18) 27... h4 $2 (27... Qb5 $16 {was called for.} 28. Qxb5 R8xb5) 28. Rfc1 Qd8 29. Qa6 {Black must now prevent Rc8.} Rxe4 $2 {[#]} (29... Kh7 30. Bd2 R4b5) 30. Rc8 $1 Rxe3 31. Rxd8+ Rxd8 32. Qa7 Nc5 33. b4 Bh6 34. Rc4 {[%mdl 64] Pin} Re4 35. Rxe4 Nxe4 36. Qxe7 Bxf4+ 37. Kg1 $2 (37. g3 Rb8 38. Qxe4 Bxg3+ 39. Kg2) 37... Be3+ $2 {[#]} (37... Rc8 38. Qxe4 Rc1+ 39. Kf2 Bg3+ 40. Kf3 Rf1+ 41. Ke3 Re1+ 42. Kf3 Rf1+ 43. Ke3 Re1+ 44. Kd3 Rxe4 45. Kxe4 Kf8) 38. Kf1 $1 {White is clearly winning.} Ng3+ 39. Ke1 Rb8 40. Qxe3 Rxb4 41. Nc3 {Accuracy: White = 65%, Black = 35%.} 1-0

[Event "84th ESP-ch 2019"]
[Site "Marbella"]
[Date "2019.11.23"]
[Round "8.9"]
[White "Pazos Porta, Antonio"]
[Black "Larino Nieto, David"]
[Result "0-1"]
[WhiteElo "2345"]
[BlackElo "2473"]
[Annotator "ChessBase"]
[PlyCount "82"]
[EventDate "2019.11.16"]
[EventType "swiss"]
[EventCountry "ESP"]
[SourceTitle "playchess.com"]
[Source "ChessBase"]
[SourceQuality "1"]
[TimeControl "5400+30"]

1. e4 {[%emt 0:00:00]} e5 {[%emt 0:07:42]} 2. Nf3 {[%emt 0:00:17]} Nc6 {[%emt 0:00:01]} 3. Bb5 {[%emt 0:01:24]} Nf6 {[%emt 0:00:04]} 4. d3 {[%emt 0:00:34]} d6 {[%emt 0:00:02]} 5. c3 {[%emt 0:06:08]} g6 {[%emt 0:00:32]} 6. Nbd2 {[%emt 0:03:49]} Bg7 {[%emt 0:00:20]} 7. O-O {[%emt 0:08:04]} O-O {[%emt 0:13:35]} 8. Re1 {[%emt 0:01:08]} a6 {[%emt 0:03:56]} 9. Ba4 {[%emt 0:01:59]} b5 {[%emt 0:00:21]} 10. Bb3 {[%emt 0:03:43]} Na5 {[%emt 0:00:58]} 11. Bc2 {[%emt 0:00:06]} c5 {[%emt 0:00:22]} 12. Nf1 {[%emt 0:02:31]} h6 {[%emt 0:00:02]} 13. Ne3 {[%emt 0:02:47]} Bb7 {[%emt 0:02:42]} 14. h3 {[%emt 0:04:47]} Kh7 {[%emt 0:00:45]} 15. Ng4 {[%emt 0:04:29]} Nxg4 {[%emt 0:02:41]} 16. hxg4 {[%emt 0:00:12]} d5 {[%emt 0:00:15]} 17. Qe2 {[%emt 0:11:30]} d4 {[%emt 0:12:15]} 18. cxd4 {[%emt 0:07:05]} exd4 {[%emt 0:00:41]} 19. g5 {[%emt 0:04:59]} f6 {[%emt 0:05:15]} 20. gxh6 {[%emt 0:03:22]} Bxh6 {[%emt 0:01:35]} 21. Bxh6 {[%emt 0:01:36]} Kxh6 {[%emt 0:00:02]} 22. e5 {[%emt 0:06:44]} Ra7 {[%emt 0:18:41]} 23. exf6 {[%emt 0:14:26]} Bxf3 {[%emt 0:01:39]} 24. Qxf3 {[%emt 0:03:33]} Qxf6 {[%emt 0:00:06]} 25. Qh3+ {[%emt 0:01:05]} Kg7 {[%emt 0:00:02]} 26. Re2 {[%emt 0:00:12]} Re7 {[%emt 0:00:21]} 27. Qg4 {[%emt 0:03:23]} Rfe8 {[%emt 0:00:46]} 28. Rae1 {[%emt 0:00:19]} Nc6 {[%emt 0:04:36]} 29. Rxe7+ {[%emt 0:01:23]} Rxe7 {[%emt 0:00:01]} 30. Rxe7+ {[%emt 0:00:09]} Qxe7 {[%emt 0:00:02]} 31. Bb3 {[%emt 0:01:35]} Na5 {[%emt 0:01:00]} 32. Qc8 {[%emt 0:01:11]} c4 {[%emt 0:10:13]} 33. dxc4 {[%emt 0:00:14]} Nxb3 {[%emt 0:00:07]} 34. axb3 {[%emt 0:00:15]} d3 {[%emt 0:00:01]} 35. cxb5 {[%emt 0:01:45]} Qe1+ {[%emt 0:00:02]} 36. Kh2 {[%emt 0:00:08]} Qe5+ {[%emt 0:00:02]} 37. Kh3 {[%emt 0:01:03]} Qd4 {[%emt 0:01:51]} 38. Qc7+ {[%emt 0:00:31]} Kh6 {[%emt 0:03:35]} 39. Qc1+ {[%emt 0:00:31]} d2 {[%emt 0:00:05]} 40. Qd1 {[%emt 0:00:05]} Qxf2 {[%emt 0:01:02]} 41. Qg4 {[%emt 0:00:57]} Qf5 {[%emt 0:01:12]} 0-1

[Event "84th ESP-ch 2019"]
[Site "Marbella"]
[Date "2019.11.23"]
[Round "8.10"]
[White "Diaz Camallonga, Carles"]
[Black "Berrocal Ruiz, Valentin"]
[Result "1-0"]
[WhiteElo "2465"]
[BlackElo "2143"]
[Annotator "ChessBase"]
[PlyCount "93"]
[EventDate "2019.11.16"]
[EventType "swiss"]
[EventCountry "ESP"]
[SourceTitle "playchess.com"]
[Source "ChessBase"]
[SourceQuality "1"]
[TimeControl "5400+30"]

1. e4 {[%emt 0:00:00]} e5 {[%emt 0:00:43]} 2. Nf3 {[%emt 0:00:00]} Nc6 {[%emt 0:00:06]} 3. Bb5 {[%emt 0:00:00]} a6 {[%emt 0:00:08]} 4. Ba4 {[%emt 0:00:00]} g6 {[%emt 0:00:06]} 5. O-O {[%emt 0:01:51]} Bg7 {[%emt 0:00:07]} 6. c3 {[%emt 0:00:20]} Nge7 {[%emt 0:00:06]} 7. d4 {[%emt 0:00:08]} exd4 {[%emt 0:00:08]} 8. cxd4 {[%emt 0:00:13]} b5 {[%emt 0:00:15]} 9. Bc2 {[%emt 0:00:17]} O-O {[%emt 0:00:22]} 10. Nc3 {[%emt 0:03:19]} d6 {[%emt 0:03:05]} 11. h3 {[%emt 0:00:14]} Bb7 {[%emt 0:00:49]} 12. Bg5 {[%emt 0:03:37]} h6 {[%emt 0:04:31]} 13. Bh4 {[%emt 0:03:28]} Qd7 {[%emt 0:03:44]} 14. Re1 {[%emt 0:01:38]} Rae8 {[%emt 0:07:48]} 15. a3 {[%emt 0:13:10]} d5 {[%emt 0:11:25]} 16. exd5 {[%emt 0:18:30]} Nxd5 {[%emt 0:00:35]} 17. Ne4 {[%emt 0:00:03]} Bc8 {[%emt 0:04:59]} 18. Bg3 {[%emt 0:16:41]} Nb6 {[%emt 0:05:57]} 19. Ne5 {[%emt 0:02:03]} Nxe5 {[%emt 0:02:27]} 20. Bxe5 {[%emt 0:00:12]} f6 {[%emt 0:03:49]} 21. Nc5 {[%emt 0:01:44]} Qd8 {[%emt 0:11:05]} 22. Bg3 {[%emt 0:01:33]} Kh7 {[%emt 0:08:26]} 23. Qd3 {[%emt 0:04:54]} f5 {[%emt 0:03:12]} 24. Be5 {[%emt 0:01:42]} Nd7 {[%emt 0:01:33]} 25. Nxd7 {[%emt 0:05:40]} Qxd7 {[%emt 0:00:20]} 26. Qc3 {[%emt 0:00:17]} Rf7 {[%emt 0:01:01]} 27. Bb3 {[%emt 0:01:50]} Rfe7 {[%emt 0:00:14]} 28. f4 {[%emt 0:00:04]} Bb7 {[%emt 0:00:54]} 29. Rac1 {[%emt 0:00:17]} Bd5 {[%emt 0:03:08]} 30. Bxd5 {[%emt 0:02:04]} Qxd5 {[%emt 0:00:06]} 31. Qb4 {[%emt 0:00:32]} Bf8 {[%emt 0:02:06]} 32. Qd2 {[%emt 0:02:51]} Rd7 {[%emt 0:00:26]} 33. b4 {[%emt 0:01:01]} Bd6 {[%emt 0:00:16]} 34. Qc3 {[%emt 0:00:49]} Kg8 {[%emt 0:02:41]} 35. Qc6 {[%emt 0:02:55]} Qxc6 {[%emt 0:07:05]} 36. Rxc6 {[%emt 0:00:05]} g5 {[%emt 0:00:50]} 37. fxg5 {[%emt 0:01:35]} hxg5 {[%emt 0:00:21]} 38. Rxa6 {[%emt 0:00:05]} Kf7 {[%emt 0:03:49]} 39. Rc6 {[%emt 0:02:00]} Re6 {[%emt 0:01:43]} 40. Rc3 {[%emt 0:03:03]} f4 {[%emt 0:01:26]} 41. Kf2 {[%emt 0:01:40]} Rde7 {[%emt 0:00:07]} 42. Kf3 {[%emt 0:02:54]} Bxe5 {[%emt 0:00:27]} 43. Rxe5 {[%emt 0:00:14]} Kf6 {[%emt 0:01:16]} 44. Rcc5 {[%emt 0:01:22]} Rxe5 {[%emt 0:00:56]} 45. dxe5+ {[%emt 0:00:22]} Rxe5 {[%emt 0:00:11]} 46. Rxe5 {[%emt 0:00:15]} Kxe5 {[%emt 0:00:07]} 47. Kg4 {[%emt 0:00:02]} 1-0

[Event "84th ESP-ch 2019"]
[Site "Marbella"]
[Date "2019.11.23"]
[Round "8.11"]
[White "Espinosa Aranda, Angel"]
[Black "Garcia Ramos, Daniel"]
[Result "0-1"]
[WhiteElo "2511"]
[BlackElo "2350"]
[Annotator "ChessBase"]
[PlyCount "102"]
[EventDate "2019.11.16"]
[EventType "swiss"]
[EventCountry "ESP"]
[SourceTitle "playchess.com"]
[Source "ChessBase"]
[SourceQuality "1"]
[TimeControl "5400+30"]

1. d4 {[%emt 0:00:00]} Nf6 {[%emt 0:00:00]} 2. Nf3 {[%emt 0:00:00]} b6 {[%emt 0:00:00]} 3. g3 {[%emt 0:00:18]} Bb7 {[%emt 0:00:04]} 4. Bg2 {[%emt 0:00:07]} g6 {[%emt 0:00:24]} 5. O-O {[%emt 0:00:07]} Bg7 {[%emt 0:00:04]} 6. c4 {[%emt 0:00:04]} O-O {[%emt 0:00:43]} 7. d5 {[%emt 0:00:04]} Na6 {[%emt 0:05:47]} 8. Nc3 {[%emt 0:00:07]} Nc5 {[%emt 0:00:34]} 9. Nd4 {[%emt 0:01:02]} e5 {[%emt 0:04:30]} 10. Nb3 {[%emt 0:00:25]} Nxb3 {[%emt 0:13:44]} 11. axb3 {[%emt 0:00:28]} d6 {[%emt 0:02:01]} 12. b4 {[%emt 0:03:02]} Nd7 {[%emt 0:03:18]} 13. e4 {[%emt 0:01:28]} f5 {[%emt 0:05:47]} 14. exf5 {[%emt 0:01:49]} gxf5 {[%emt 0:00:22]} 15. Qh5 {[%emt 0:00:05]} a6 {[%emt 0:02:48]} 16. Bh3 {[%emt 0:08:59]} Qe8 {[%emt 0:10:43]} 17. Qxe8 {[%emt 0:13:52]} Raxe8 {[%emt 0:00:05]} 18. f3 {[%emt 0:00:12]} Bc8 {[%emt 0:11:12]} 19. Be3 {[%emt 0:03:13]} Nf6 {[%emt 0:08:45]} 20. Rfe1 {[%emt 0:06:32]} e4 {[%emt 0:04:33]} 21. f4 {[%emt 0:02:39]} Kf7 {[%emt 0:02:02]} 22. Ne2 {[%emt 0:09:03]} Kg6 {[%emt 0:01:40]} 23. Nd4 {[%emt 0:03:15]} h5 {[%emt 0:00:10]} 24. Nc6 {[%emt 0:10:26]} Bb7 {[%emt 0:04:04]} 25. Bd4 {[%emt 0:05:14]} Rh8 {[%emt 0:04:05]} 26. Ra3 {[%emt 0:01:15]} Rh7 {[%emt 0:04:49]} 27. Kg2 {[%emt 0:00:27]} Bh8 {[%emt 0:03:29]} 28. Bf2 {[%emt 0:00:44]} Ng4 {[%emt 0:02:47]} 29. Bd4 {[%emt 0:08:59]} Bxc6 {[%emt 0:01:44]} 30. Bxh8 {[%emt 0:00:04]} Bxd5 {[%emt 0:00:07]} 31. cxd5 {[%emt 0:00:10]} Rexh8 {[%emt 0:01:33]} 32. Rxa6 {[%emt 0:00:07]} Nf6 {[%emt 0:01:34]} 33. Rd1 {[%emt 0:00:05]} h4 {[%emt 0:00:46]} 34. Ra3 {[%emt 0:00:04]} Nh5 {[%emt 0:00:21]} 35. g4 {[%emt 0:05:06]} Nxf4+ {[%emt 0:00:27]} 36. Kf1 {[%emt 0:00:02]} fxg4 {[%emt 0:00:52]} 37. Bxg4 {[%emt 0:00:04]} Rf8 {[%emt 0:00:12]} 38. Kg1 {[%emt 0:00:10]} Re7 {[%emt 0:00:36]} 39. Re3 {[%emt 0:00:17]} Re5 {[%emt 0:00:19]} 40. Rd4 {[%emt 0:00:20]} Rfe8 {[%emt 0:01:03]} 41. h3 {[%emt 0:00:47]} Nxd5 {[%emt 0:00:19]} 42. Re1 {[%emt 0:00:05]} Nf6 {[%emt 0:00:16]} 43. Be2 {[%emt 0:00:04]} Rg5+ {[%emt 0:00:27]} 44. Kh2 {[%emt 0:00:13]} Kf5 {[%emt 0:00:51]} 45. b5 {[%emt 0:00:29]} Ke5 {[%emt 0:00:22]} 46. Rc4 {[%emt 0:00:05]} Re7 {[%emt 0:00:23]} 47. Bf3 {[%emt 0:00:10]} d5 {[%emt 0:00:15]} 48. Rc6 {[%emt 0:00:03]} Rg3 {[%emt 0:00:27]} 49. Bh1 {[%emt 0:00:20]} Rb3 {[%emt 0:01:25]} 50. Re2 {[%emt 0:00:04]} Nh5 {[%emt 0:00:44]} 51. Rf2 {[%emt 0:00:51]} Nf4 {[%emt 0:00:24]} 0-1

[Event "84th ESP-ch 2019"]
[Site "Marbella"]
[Date "2019.11.23"]
[Round "8.12"]
[White "Alsina Leal, Daniel"]
[Black "Mingarro Carceller, Sergi"]
[Result "0-1"]
[WhiteElo "2467"]
[BlackElo "2329"]
[Annotator "ChessBase"]
[PlyCount "96"]
[EventDate "2019.11.16"]
[EventType "swiss"]
[EventCountry "ESP"]
[SourceTitle "playchess.com"]
[Source "ChessBase"]
[SourceQuality "1"]
[TimeControl "5400+30"]

1. e4 {[%emt 0:00:00]} c5 {[%emt 0:00:28]} 2. Nc3 {[%emt 0:00:00]} d6 {[%emt 0:00:28]} 3. d4 {[%emt 0:00:00]} cxd4 {[%emt 0:00:47]} 4. Qxd4 {[%emt 0:00:00]} Nc6 {[%emt 0:00:50]} 5. Qd2 {[%emt 0:00:05]} g6 {[%emt 0:00:41]} 6. b3 {[%emt 0:00:16]} Bh6 {[%emt 0:00:31]} 7. f4 {[%emt 0:00:19]} e5 {[%emt 0:03:12]} 8. g3 {[%emt 0:31:53]} Nf6 {[%emt 0:03:51]} 9. Bb2 {[%emt 0:01:59]} O-O {[%emt 0:02:44]} 10. O-O-O {[%emt 0:00:21]} a5 {[%emt 0:01:17]} 11. a4 {[%emt 0:00:55]} Be6 {[%emt 0:07:26]} 12. Kb1 {[%emt 0:05:01]} Rc8 {[%emt 0:09:30]} 13. Bg2 {[%emt 0:25:35]} Qb6 {[%emt 0:16:59]} 14. Nf3 {[%emt 0:07:11]} Rfd8 {[%emt 0:10:49]} 15. Qe2 {[%emt 0:01:31]} Nb4 {[%emt 0:08:13]} 16. fxe5 {[%emt 0:07:58]} Nxc2 {[%emt 0:03:14]} 17. Qxc2 {[%emt 0:00:57]} Bxb3 {[%emt 0:00:31]} 18. Qd3 {[%emt 0:03:05]} Bxd1 {[%emt 0:09:48]} 19. Rxd1 {[%emt 0:00:53]} dxe5 {[%emt 0:02:23]} 20. Nd5 {[%emt 0:06:49]} Nxd5 {[%emt 0:02:25]} 21. exd5 {[%emt 0:00:04]} Bg7 {[%emt 0:00:34]} 22. Qb5 {[%emt 0:01:29]} Qxb5 {[%emt 0:02:03]} 23. axb5 {[%emt 0:00:07]} Rc5 {[%emt 0:00:03]} 24. Nxe5 {[%emt 0:01:24]} Rxb5 {[%emt 0:00:14]} 25. Nd3 {[%emt 0:00:08]} Re8 {[%emt 0:05:49]} 26. Rd2 {[%emt 0:00:45]} Re3 {[%emt 0:00:54]} 27. Nc1 {[%emt 0:00:46]} Kf8 {[%emt 0:02:23]} 28. Ka2 {[%emt 0:00:35]} Bxb2 {[%emt 0:00:20]} 29. Rxb2 {[%emt 0:00:05]} Rxb2+ {[%emt 0:00:05]} 30. Kxb2 {[%emt 0:00:03]} Ke7 {[%emt 0:00:21]} 31. Kc2 {[%emt 0:01:06]} Kd6 {[%emt 0:00:14]} 32. Kd2 {[%emt 0:00:08]} Ra3 {[%emt 0:00:07]} 33. Ne2 {[%emt 0:00:55]} Ra2+ {[%emt 0:00:42]} 34. Ke3 {[%emt 0:01:14]} b5 {[%emt 0:00:14]} 35. Be4 {[%emt 0:00:37]} b4 {[%emt 0:01:34]} 36. h4 {[%emt 0:01:47]} Ke5 {[%emt 0:01:09]} 37. Nc1 {[%emt 0:01:12]} b3 {[%emt 0:01:28]} 38. Nd3+ {[%emt 0:00:48]} Kd6 {[%emt 0:00:07]} 39. Nf4 {[%emt 0:00:48]} a4 {[%emt 0:01:44]} 40. Kd4 {[%emt 0:00:38]} f5 {[%emt 0:02:07]} 41. Bd3 {[%emt 0:00:21]} b2 {[%emt 0:00:56]} 42. Kc3 {[%emt 0:00:40]} a3 {[%emt 0:00:12]} 43. Kb3 {[%emt 0:00:30]} Ra1 {[%emt 0:00:29]} 44. h5 {[%emt 0:00:29]} g5 {[%emt 0:00:52]} 45. Ne6 {[%emt 0:00:23]} b1=Q+ {[%emt 0:00:30]} 46. Bxb1 {[%emt 0:00:03]} Rxb1+ {[%emt 0:00:03]} 47. Ka2 {[%emt 0:00:34]} Rb2+ {[%emt 0:00:13]} 48. Kxa3 {[%emt 0:00:35]} Rg2 {[%emt 0:00:06]} 0-1